| 000 | 00700cam a2200229 a 4500 | ||
|---|---|---|---|
| 001 | 000018247 | ||
| 005 | 20200929165423.0 | ||
| 008 | 820518s1963 fr 000 0 fre d | ||
| 040 |
_aDO-SdBNP _bfre _cLC _dBNPHU |
||
| 042 | _apremarc | ||
| 082 |
_a928.44 _bB386f |
||
| 100 | 1 |
_aBeauvoir, Simone de, _d1908-1986. _913630 |
|
| 245 | 1 | 3 |
_aLa force des choses II / _cSimone de Beauvoir. |
| 260 |
_aParis : _bGallimard, _c1963. |
||
| 300 |
_a507 p. ; _c18 cm. |
||
| 490 | 1 | _aFolio | |
| 600 | 1 | 0 |
_aBEAUVOIR, SIMONE DE, _d1908-1986. _xAUTOBIOGRAFÍA _939523 |
| 650 | 4 |
_aAutores franceses _ySIGLO XX _xBiografías _939524 |
|
| 830 | 0 |
_aFolio _94233 |
|
| 910 | _aCatalogación por copia / LC | ||
| 049 | _aBNGR | ||
| 999 |
_c17768 _d17768 |
||